Contribution à la détermination des conditions optimales pour la conservation de trois espèces de egusi (CUCURBITACEAE) cultivées au Bénin (Record no. 49113)
[ view plain ]
| 000 -LEADER | |
|---|---|
| fixed length control field | 00948nam a22002897a 4500 |
| 003 - CONTROL NUMBER IDENTIFIER | |
| control field | 0 |
| 005 - DATE AND TIME OF LATEST TRANSACTION | |
| control field | 20160609170525.0 |
| 008 - FIXED-LENGTH DATA ELEMENTS--GENERAL INFORMATION | |
| fixed length control field | 110221t xxu||||| |||| 00| 0 eng d |
| 037 ## - SOURCE OF ACQUISITION | |
| Stock number | M16725 |
| Source of stock number/acquisition | BIBLIO |
| 040 ## - SOURCE DU CATALOGAGE | |
| Original cataloging agency | BUAC |
| Language of cataloging | Fr. |
| Transcribing agency | EPAC |
| 082 ## - DEWEY DECIMAL CLASSIFICATION NUMBER | |
| Classification number | 26.APE/AHO |
| 100 ## - VEDETTE PRINCIPALE - NOM DE PERSONNE | |
| Personal name | Ronaldine, Arlienne, AHOUANMAGNAGAHOU |
| 9 (RLIN) | 14867 |
| 245 ## - TITLE STATEMENT | |
| Title | Contribution à la détermination des conditions optimales pour la conservation de trois espèces de egusi (CUCURBITACEAE) cultivées au Bénin |
| 250 ## - EDITION STATEMENT | |
| Edition statement | EPAC |
| 260 ## - PUBLICATION, DISTRIBUTION, ETC. (IMPRINT) | |
| Place of publication, distribution, etc | BUAC |
| Name of publisher, distributor, etc | EPAC |
| Date of publication, distribution, etc | 2007 |
| 300 ## - PHYSICAL DESCRIPTION | |
| Extent | 41 p |
| Other physical details | Couv. et ill. en coul. |
| Dimensions | 30cm |
| 500 ## - GENERAL NOTE | |
| General note | Mém ( M ) ; Physiol. ; EPAC /UAC / 2007 |
| 504 ## - BIBLIOGRAPHY, ETC. NOTE | |
| Bibliography, etc | Bibliogr. p 36 - p 41; annexes |
| 630 ## - SUBJECT ADDED ENTRY--UNIFORM TITLE | |
| Uniform title | PHYSIOLOGIE VEGETALE |
| 9 (RLIN) | 14868 |
| 650 ## - SUBJECT ADDED ENTRY--TOPICAL TERM | |
| Topical term or geographic name as entry element | CONSERVATION |
| 9 (RLIN) | 14869 |
| 650 ## - SUBJECT ADDED ENTRY--TOPICAL TERM | |
| Topical term or geographic name as entry element | :EGUSI |
| 9 (RLIN) | 14870 |
| 650 ## - SUBJECT ADDED ENTRY--TOPICAL TERM | |
| Topical term or geographic name as entry element | :CONDITION |
| 9 (RLIN) | 14871 |
| 653 ## - INDEX TERM--UNCONTROLLED | |
| Uncontrolled term | techniques |
| 700 ## - ADDED ENTRY--PERSONAL NAME | |
| Personal name | AHANCHEDE, Adam |
| 9 (RLIN) | 14872 |
| 710 ## - ADDED ENTRY--CORPORATE NAME | |
| Corporate name or jurisdiction name as entry element | ACHIGAN DAKO, Enoch |
| 9 (RLIN) | 14873 |
| 942 ## - ADDED ENTRY ELEMENTS (KOHA) | |
| Koha item type | Thèse et Memoire |
| Withdrawn status | Lost status | Damaged status | Not for loan | Location (home branch) | Sublocation or collection (holding branch) | Date acquired | Source of acquisition | Koha issues (times borrowed) | Koha full call number | Piece designation (barcode) | Koha date last seen | Copy number | Price effective from | Koha item type | Public note |
|---|---|---|---|---|---|---|---|---|---|---|---|---|---|---|---|
| Bibliothèque Ecole Polytechnique d'Abomey-Calavi | Bibliothèque Ecole Polytechnique d'Abomey-Calavi | 21/02/2011 | Don | 26.APE/AHO | M16725EPAC | 21/02/2011 | 1 | 21/02/2011 | Thèse et Memoire | Prêt à domicile | |||||
| Bibliothèque Ecole Polytechnique d'Abomey-Calavi | Bibliothèque Ecole Polytechnique d'Abomey-Calavi | 21/02/2011 | Don | 26.APE/AHO | M16726EPAC | 21/02/2011 | 2 | 21/02/2011 | Thèse et Memoire | Prêt à domicile | |||||
| Bibliothèque Ecole Polytechnique d'Abomey-Calavi | Bibliothèque Ecole Polytechnique d'Abomey-Calavi | 21/02/2011 | Don | 26.APE/AHO | M16727EPAC | 21/02/2011 | 3 | 21/02/2011 | Thèse et Memoire | Prêt à domicile |